000 01273cam a2200361 a 4500
001 12621222
003 OSt
005 20180116183023.0
008 011214s2002 nyu 000 1 eng
010 _a 2001059653
020 _a0765303922 (alk. paper)
040 _aDLC
_cDLC
_dDLC
043 _ae-uk-en
050 0 0 _aPR6063.C29
_bW47 2002
082 0 0 _a813.54
_221
100 1 _aMcAuley, Paul J.
245 1 0 _aWhole wide world
_cPaul McAuley.
250 _a1st ed.
260 _aNew York :
_bTor,
_c2002.
300 _a399 p. ;
_c22 cm.
500 _a"A Tom Doherty Associates book."
650 0 _aPolice
_zEngland
_zLondon
_vFiction.
650 0 _aArtificial intelligence
_vFiction.
650 0 _aInternet
_vFiction.
650 0 _aMurder
_vFiction.
651 0 _aLondon (England)
_vFiction.
655 7 _aScience fiction.
_2gsafd
856 4 2 _3Contributor biographical information
_uhttp://www.loc.gov/catdir/bios/hol055/2001059653.html
856 4 2 _3Publisher description
_uhttp://www.loc.gov/catdir/description/hol052/2001059653.html
906 _a7
_bcbc
_corignew
_d1
_eocip
_f20
_gy-gencatlg
942 _2ddc
_cBK
999 _c350659
_d350659